Sudden Death: Countries in the top 20 population rank - Statistics

General Stats
  • This quiz has been taken 49 times
  • The average score is 8 of 13
Answers on the Grid
Answers color-coded by a green-red scale on the quiz's grid according to % correct below.
United Kingdom
D.R Congo
Colombia
Iran
Philippines
Argentina
South Korea
Thailand
Italy
Bangladesh
Australia
Vietnam
Mexico
Poland
Egypt
North Korea
South Africa
Ethiopia
Venezuela
Nepal
Brazil
Germany
Sweden
Chad
Mali
Nigeria
Japan
Ecuador
Ukraine
Hungary
 
Answer Stats
Answer % Correct
Nigeria
81%
Japan
72%
Mexico
72%
Brazil
69%
Bangladesh
66%
D.R Congo
66%
Ethiopia
63%
Philippines
59%
Egypt
53%
Germany
53%
Iran
53%
Thailand
44%
Vietnam
41%
No matching quizzes found
Score Distribution
Percent of People with Each Score
Percentile by Number Answered
Your Score History
You have not taken this quiz